Statistics for Every Premier League Goalscorer 23/24 - Gameweek #9

Click here to take the quiz!

General Stats

  • This quiz has been taken 10 times
  • The average score is 19 of 33

Answer Stats

Clubv
Club
Goalscorer% Correct
ChelseavArsenalCole Palmer
86%
ChelseavArsenalDeclan Rice
86%
ChelseavArsenalLeandro Trossard
86%
LiverpoolvEvertonMohamed Salah
86%
LiverpoolvEvertonMohamed Salah
86%
ChelseavArsenalMykhailo Mudryk
86%
BrentfordvBurnleyBryan Mbuemo
71%
Sheffield UnitedvManchester UnitedDiogo Dalot
71%
Manchester CityvBrighton & Hove AlbionErling Haaland
71%
TottenhamvFulhamJames Maddison
71%
Manchester CityvBrighton & Hove AlbionJulian Alvarez
71%
Aston VillavWest HamOllie Watkins
71%
Sheffield UnitedvManchester UnitedScott McTominay
71%
TottenhamvFulhamSon Heung-min
71%
BrentfordvBurnleyYoane Wissa
71%
Newcastle UnitedvCrystal PalaceCallum Wilson
57%
Nottingham ForestvLuton TownChiedozie Ogbene
57%
Nottingham ForestvLuton TownElijah Adebayo
57%
Aston VillavWest HamLeon Bailey
57%
Newcastle UnitedvCrystal PalaceAnthony Gordon
43%
BournemouthvWolves
Matheus Cunha
43%
BournemouthvWolvesDominic Solanke
43%
Aston VillavWest HamDouglas Luiz
43%
Aston VillavWest HamDouglas Luiz
43%
Newcastle UnitedvCrystal PalaceJacob Murphy
43%
Aston VillavWest HamJarrod Bowen
43%
Sheffield UnitedvManchester UnitedOliver McBurnie
43%
Newcastle UnitedvCrystal PalaceSean Longstaff
43%
Manchester CityvBrighton & Hove AlbionAnsu Fati
29%
Nottingham ForestvLuton TownChristopher Wood
29%
Nottingham ForestvLuton TownChristopher Wood
29%
BrentfordvBurnleySaman Ghoddos
14%
BournemouthvWolvesSasa Kalajdzic
0%

Score Distribution

Percentile by Number Answered

Percent of People with Each Score

Your Score History

You have not taken this quiz